00728nam a2200253 i 450000100060000000300090000600500170001500700030003200800410003501600170007602000180009304000210011108000100013210000230014224500830016525000150024826000430026330000220030649000350032865000160036370000270037983000350040685200330044116614ES-MaACL20230906151348.0t|001019s1991 sp ||||0| spa d7 zCHM920018387 a84-7509-667-0 aM-BN bspa cCHM a659.11 aMattelart, Armand.13aLa publicidad / cArmand Mattelart ; [traducción de Antonio López Ruíz]. a[1ª ed.]. aBarcelona [etc.] : bPaidós, c1991. a135 p. ; c23 cm.1 aPaidós comunicación ; v4514aPublicidad.1 aLópez Ruiz, Antonio.0 aPaidós comunicación ; v45 aES-MaACLjL-23847 bR.128628